The Office - Finish the Quote - Statistics

General Stats
  • This quiz has been taken 171 times
  • The average score is 10 of 16
Answer Stats
Said By Quote % Correct
Michael That's what she {said}!
100%
Stanley Boy, have you lost your {mind}, 'cause I'll help you find it!
93%
Stanley Did I {stutter}?!
89%
Michael I'm not superstitious, but I am a little {stitious}.
82%
Jim Bears. Beets. {Battlestar Galactica}.
80%
Dwight {Identity theft} is not a joke, Jim!
74%
Jim I miss {Dwight}. Congratulations, universe. You win.
68%
Andy I wish there was a way to know you're in the {good old days} before you've actually left them.
68%
Pam They're the same {picture}.
60%
Kelly I have a lot of questions. Number one: {How dare you}?
56%
Creed I wanna do a {cartwheel}. But real casual-like. Not enough to make a big deal out of it, but I know everyone saw it.
54%
Pam I feel God in this {Chili's} tonight.
47%
Michael I love {inside jokes}. I'd love to be a part of one someday.
45%
Kevin I just want to lie on the beach and eat {hot dogs}.
43%
Michael You {cheated on me}?....When I specifically asked you not to?
40%
Andy Andy Bernard does not lose {contests}. He wins them. Or he quits them, because they're unfair.
29%
No matching quizzes found
Score Distribution
Percent of People with Each Score
Percentile by Number Answered
Your Score History
You have not taken this quiz